A clarion call for clarity (Record no. 65772)
[ view plain ]
| 000 -LEADER | |
|---|---|
| fixed length control field | 01001cam a2200217 4500 |
| 001 - CONTROL NUMBER | |
| control field | ABS63325 |
| 008 - FIXED-LENGTH DATA ELEMENTS--GENERAL INFORMATION | |
| fixed length control field | 000000n2001 000 0 eng u |
| 035 ## - SYSTEM CONTROL NUMBER | |
| System control number | (Sirsi) u110295 |
| 100 ## - MAIN ENTRY--PERSONAL NAME | |
| Personal name | Hawkins, R |
| 245 #2 - TITLE STATEMENT | |
| Title | A clarion call for clarity |
| 260 ## - PUBLICATION, DISTRIBUTION, ETC. | |
| Date of publication, distribution, etc. | 2001 |
| 490 ## - SERIES STATEMENT | |
| Series statement | Estates Gazette |
| Volume/sequential designation | (0101) 6 January 2001, 80(1) |
| 520 ## - SUMMARY, ETC. | |
| Summary, etc. | Briefly discusses the government's attempt to clarify the position concerning peaceable re-entry through the Insolvency Act 2000. Late changes to the act have meant that amendments have not been given sufficient consideration and raises doubts whether the government has achieved the correct, or most workable, solution. The article considers that it may be necessary for the law to be changed again to make administration of insolvent debtors more efficient. |
| 590 ## - LOCAL NOTE (RLIN) | |
| Local note | ABS |
| 650 ## - SUBJECT ADDED ENTRY--TOPICAL TERM | |
| Topical term or geographic name entry element | Insolvency |
| 9 (RLIN) | 6247 |
| 650 ## - SUBJECT ADDED ENTRY--TOPICAL TERM | |
| Topical term or geographic name entry element | INSOLVENCY ACT 2000 |
| 650 ## - SUBJECT ADDED ENTRY--TOPICAL TERM | |
| Topical term or geographic name entry element | PEACEABLE RE-ENTRY |
| 650 ## - SUBJECT ADDED ENTRY--TOPICAL TERM | |
| Topical term or geographic name entry element | DEBTORS |
| 690 ## - LOCAL SUBJECT ADDED ENTRY--TOPICAL TERM (OCLC, RLIN) | |
| Topical term or geographic name as entry element | PROPERTY-LANDLORD AND TENANT |
| 942 ## - ADDED ENTRY ELEMENTS (KOHA) | |
| Suppress in OPAC | 0 |
| Withdrawn status | Lost status | Source of classification or shelving scheme | Damaged status | Not for loan | Home library | Current library | Shelving location | Date acquired | Total Checkouts | Full call number | Barcode | Date last seen | Copy number | Price effective from | Koha item type |
|---|---|---|---|---|---|---|---|---|---|---|---|---|---|---|---|
| Dewey Decimal Classification | London | London | Journal article | 10/01/2001 | ABS63325 | 110295-1001 | 06/08/2019 | 1 | 06/08/2019 | Journal article |